000 00979cab a2200301 4500
001 WB3137-29
008 090401t1995 xxu||||| |||| 00| 0 eng d
035 _a(Sirsi) u16096
041 _aeng
245 _aWeekend property
260 _c1995
300 _aLOAN
350 _a0
490 _aFinancial Times
_vSpecial supplement 30 September/ 1 October 1995, (
520 _aSpecial property supplement which includes articles on Greenwich Royal Naval College, penthouses, London docklands housing, large rural properties, Ibiza, forecasting likely UK property market trends, and redeveloping old institutional buildings.
650 _aALTERNATIVE USES
650 _aFORECASTS
650 _aGREENWICH ROYAL NAVAL COLLEGE
650 _aHOUSING MARKET
650 _aIBIZA
650 _aINSTITUTIONAL BUILDINGS
650 _aLONDON DOCKLANDS
650 _aPENTHOUSES
650 _aRURAL PROPERTY
690 _aHOUSING
942 _n0
948 _c04/03/1997
999 _c10583
_d10583